Dossier Video / a cura d'Eugeni Bonet, Joaquim Dols Rusiñol, Antoni Mercader, ... [et al.]
Descripción Física:
30 p. ; 29 cm
Otros Autores:
Bonet, Eugeni
MARC
| LEADER | 00000nam a2200000Ia 4500 | ||
|---|---|---|---|
| 001 | 8819 | ||
| 003 | BGR | ||
| 005 | 20260324175639.0 | ||
| 008 | 160829s1976 xx 000 0 cat d | ||
| 080 | |a FU-24-8 | ||
| 245 | |a Dossier Video / a cura d'Eugeni Bonet, Joaquim Dols Rusiñol, Antoni Mercader, ... [et al.] | ||
| 260 | |a Barcelona : |b Institut Alemany : |b Institut del Teatre, |c 1976 | ||
| 300 | |a 30 p. ; |c 29 cm | ||
| 650 | |a Vídeo |9 36564 | ||
| 650 | |a Videoart |9 36565 | ||
| 700 | |a Bonet, Eugeni |9 36566 | ||
| 710 | 1 | |a Institut del Teatre (Barcelona, Catalunya) |9 52662 | |
| 710 | 2 | |a Goethe-Institut (Barcelona) |9 71003 | |
| 901 | |a Arxiu | ||
| 942 | |n 1 |2 udc |c MON | ||
| 952 | |0 0 |1 0 |4 0 |6 FU248 |7 1 |9 47365 |a Arxiu |b Arxiu |d 2016-12-01 |l 0 |o FU-24-8 |p 8819 |r 2016-12-01 00:00:00 |w 2016-12-01 |y ARXIU | ||
| 999 | |c 51163 |d 51163 | ||